000 00641nam a2200217 a 4500
005 20230309063652.0
008 991125c1987 bar 000 0 spa u
020 _a8425319110
035 _aUPN01000053497
049 _aCG
050 4 _aHQ56
_bM3.88 1987
100 1 _aMasters, William H.
245 1 3 _aLa sexualidad humana /
_cWilliam H. Masters, Virginia E. Johnson, Robert C. Kolodny ; tr. Rafael Andreu.
250 _a8a. ed.
260 _aBarcelona (Esp.) :
_bGrijalbo,
_cc1987.
300 _a3 v.
650 4 _aSexo
_96715
700 1 _aJohnson, Virginia E.,
_ecoaut.
700 1 _aKolodny, Robert C.,
_ecoaut.
905 _aLibro
999 _c53497
_d53497